Competitive Intelligence and Global Business (Record no. 4484)
[ view plain ]
| 000 -LEADER | |
|---|---|
| fixed length control field | 01391cam a22002294a 4500 |
| 005 - ΗΜΕΡΟΜΗΝΙΑ ΚΑΙ ΩΡΑ ΤΕΛΕΥΤΑΙΑΣ ΕΝΗΜΕΡΩΣΗΣ | |
| Πεδίο ελέγχου | 20250605164147.0 |
| 008 - FIXED-LENGTH DATA ELEMENTS--GENERAL INFORMATION | |
| Πεδίο ελέγχου σταθερού μήκους | 250528s ||||||||||||||||||||||||d |
| 035 ## - SYSTEM CONTROL NUMBER | |
| System control number | 19217 |
| 020 ## - ISBN | |
| ISBN | 275981401 |
| 040 ## - ΠΗΓΗ ΚΑΤΑΛΟΓΟΓΡΑΦΗΣΗΣ | |
| Φορέας πρωτότυπης καταλογογράφησης | MC Athens Campus Library |
| Γλώσσα καταλογογράφησης | Ελληνικά, Μοντέρνα (1453-) |
| Modifying agency | MC Athens Campus Library |
| Κανόνες περιγραφικής καταλογογράφησης | AACR2 |
| 245 1# - ΤΙΤΛΟΣ ΚΑΙ ΔΗΛΩΣΗ ΥΠΕΥΘΥΝΟΤΗΤΑΣ | |
| Τίτλος | Competitive Intelligence and Global Business |
| 250 ## - EDITION STATEMENT | |
| Edition statement | 1st |
| 260 ## - PUBLICATION, DISTRIBUTION, ETC. | |
| Date of publication, distribution, etc. | 2005 |
| 300 ## - PHYSICAL DESCRIPTION | |
| Extent | 298 |
| 520 ## - SUMMARY, ETC. | |
| Summary, etc. | A practical and comprehensive guide to the business cultures, practices, and emerging opportunities in the dynamic growth region of South and Central America, for small and large-business executives alike. Preface, Acknowledgements, The Global Competitive Intelligence Process, In Search of Best Practices in Global Competitive Intelligence, Process Differences in Performing Global versus Domestic Competitive Intelligence Data Collection, The Global Competitive Intelligence Environment, Global Competitive Intelligence in Top-Performing Companies, The Internet will Continue to Revolutionize International Competitive Intelligence Practices, Global Competitive Intelligence Management, Country - Industry - and Process-Specific Studies in Global Competitive Intelligence, Management of Global Competitive Intelligence: The Way Ahead, Index. |
| 700 1# - ΠΡΟΣΘΕΤΗ ΑΝΑΓΡΑΦΗ--ΦΥΣΙΚΟ ΠΡΟΣΩΠΟ | |
| Personal name | Blenkhorn David L. |
| 9 (RLIN) | 5455 |
| 700 1# - ΠΡΟΣΘΕΤΗ ΑΝΑΓΡΑΦΗ--ΦΥΣΙΚΟ ΠΡΟΣΩΠΟ | |
| Personal name | Fleisher Craig S |
| 9 (RLIN) | 5456 |
| 700 1# - ΠΡΟΣΘΕΤΗ ΑΝΑΓΡΑΦΗ--ΦΥΣΙΚΟ ΠΡΟΣΩΠΟ | |
| Personal name | Praeger |
| 9 (RLIN) | 5457 |
| 942 ## - ADDED ENTRY ELEMENTS (KOHA) | |
| Koha item type | Books |
| Τύπος τεκμηρίου | Βιβλιοθήκη | Τρέχουσα τοποθεσία | Barcode | Αριθμός εισαγωγής | Ημερομηνία απόκτησης | Ταξιθετικό σύμβολο | Αριθμός αντιτύπου | Κατάσταση απόσυρσης | Κατάσταση χαμένου | Κατάσταση κατεστραμμένου | Μη δανεισμός | Σύνολο δανεισμών | Ημερομηνία τελευταίας εμφάνισης | Η τιμή ισχύει από |
|---|---|---|---|---|---|---|---|---|---|---|---|---|---|---|
| Books | MC Athens Campus Library | MC Athens Campus Library | 9780000044839 | 5202 | 05/06/2025 | 658.4/72 BLE | 1 | 05/06/2025 | 05/06/2025 |